Mẹo vặt trong nhà bếp
Hướng dẫn cách lựa chọn, bảo quản thực phẩm, mẹo vặt bếp núc và nghệ thuật nấu những món ăn ngon từ thịt lợn, gà, gia cầm, tôm, lươn, cá...
Đã lưu trong:
| 格式: | 图书 |
|---|---|
| 语言: | Undetermined |
| 出版: |
Hà Nội
Lao Động
2008
|
| 主题: | |
| 标签: |
添加标签
没有标签, 成为第一个标记此记录!
|
| Thư viện lưu trữ: | Trung tâm Học liệu Trường Đại học Cần Thơ |
|---|
| LEADER | 00777nam a2200193Ia 4500 | ||
|---|---|---|---|
| 001 | CTU_142410 | ||
| 008 | 210402s9999 xx 000 0 und d | ||
| 020 | |c 35000 | ||
| 082 | |a 641.48 | ||
| 082 | |b M205 | ||
| 245 | 0 | |a Mẹo vặt trong nhà bếp | |
| 245 | 0 | |c Hoàng Mai biên soạn | |
| 260 | |a Hà Nội | ||
| 260 | |b Lao Động | ||
| 260 | |c 2008 | ||
| 520 | |a Hướng dẫn cách lựa chọn, bảo quản thực phẩm, mẹo vặt bếp núc và nghệ thuật nấu những món ăn ngon từ thịt lợn, gà, gia cầm, tôm, lươn, cá... | ||
| 650 | |a Cookery,Gastronomy,Nghệ thuật ăn ngon,Nấu ăn | ||
| 904 | |i Trọng Hiếu | ||
| 980 | |a Trung tâm Học liệu Trường Đại học Cần Thơ | ||